Funkcia nákupu a zásobovania v podniku diplomová práca

Na minha lista:
Detalhes bibliográficos
Autor principal: Marej, Peter
Autor Corporativo: Obchodná fakulta EU. Katedra marketingu
Outros Autores: Kita, Jaroslav
Formato: Livro
Idioma:eslovaco
Publicado em: Bratislava 2017
Tags: Adicionar Tag
Sem tags, seja o primeiro a adicionar uma tag!

MARC

LEADER 00000nbm a2200000 4500
001 0230645
005 20170929131058.1
041 0 |a slo 
044 |a SK 
245 1 0 |a Funkcia nákupu a zásobovania v podniku  |b diplomová práca  |c Peter Marej ; školiteľ: Jaroslav Kita 
264 1 |a Bratislava  |c 2017 
300 |a 70 s. 
100 1 |a Marej, Peter 
700 1 |a Kita, Jaroslav 
710 2 |a Obchodná fakulta EU. Katedra marketingu